Normal view MARC view

Entry Corporate Name

Number of records used in: 1

001 - CONTROL NUMBER

  • control field: 12731

003 - CONTROL NUMBER IDENTIFIER

  • control field: OSt

005 - DATE AND TIME OF LATEST TRANSACTION

  • control field: 20211105133543.0

008 - FIXED-LENGTH DATA ELEMENTS

  • fixed length control field: 211105|| aca||aabn | a|a d

040 ## - CATALOGING SOURCE

  • Original cataloging agency: OSt
  • Transcribing agency: OSt

110 ## - HEADING--CORPORATE NAME

  • Corporate name or jurisdiction name as entry element: German solar observatory

670 ## - SOURCE DATA FOUND

  • Source citation: Work cat.: (OSt): Colloquium on the Fine Structure of the Solar Chromosphere Anacapri 1966 June 6 – 8 12729, The fine structure of the solar chromosphere, 1966

Powered by Koha